ბათუმის შოთა რუსთაველის სახელმწიფო უნივერსიტეტის ბიბლიოთეკა

ბათა ქექია. წითელი ყაყაჩო (ბიბ.ჩანაწერი № 47766)

000 -LEADER
fixed length control field 00693nam a2200205Ia 4500
001 - CONTROL NUMBER
control field 14638
003 - CONTROL NUMBER IDENTIFIER
control field GE_BSU
008 - FIXED-LENGTH DATA ELEMENTS--GENERAL INFORMATION
fixed length control field 181216s||||||||xx |||||||||||||| ||und||
040 ## - CATALOGING SOURCE
Transcribing agency GE_BSU
080 ## - UNIVERSAL DECIMAL CLASSIFICATION NUMBER
Universal Decimal Classification number 821.353.1-31
100 ## - MAIN ENTRY--PERSONAL NAME
Personal name შენგელაია,დემნა
245 ## - TITLE STATEMENT
Title ბათა ქექია. წითელი ყაყაჩო
245 ## - TITLE STATEMENT
Statement of responsibility, etc. რედ.ც.ჩხეიძე. მხატვ.ს.ბოტკოველი
260 ## - PUBLICATION, DISTRIBUTION, ETC.
Place of publication, distribution, etc. თბილისი
260 ## - PUBLICATION, DISTRIBUTION, ETC.
Name of publisher, distributor, etc. სახელგამი
260 ## - PUBLICATION, DISTRIBUTION, ETC.
Date of publication, distribution, etc. 1954
300 ## - PHYSICAL DESCRIPTION
Extent 436გვ.1ფ.პორტრ.
653 ## - INDEX TERM--UNCONTROLLED
Uncontrolled term ბათა ქექია. წითელი ყაყაჩო
942 ## - ADDED ENTRY ELEMENTS (KOHA)
Koha item type წიგნი
ეგზემპლარები
Withdrawn status Lost status Damaged status Not for loan Date acquired Barcode Date last seen Price effective from Koha item type
        2018-12-17 37693 2018-12-17 2018-12-17 წიგნი
        2018-12-17 38013 2018-12-17 2018-12-17 წიგნი
        2018-12-17 38014 2018-12-17 2018-12-17 წიგნი
        2018-12-17 38015 2018-12-17 2018-12-17 წიგნი
        2018-12-17 38016 2018-12-17 2018-12-17 წიგნი
        2018-12-17 38017 2018-12-17 2018-12-17 წიგნი
        2018-12-17 38018 2018-12-17 2018-12-17 წიგნი
        2018-12-17 38019 2018-12-17 2018-12-17 წიგნი
        2018-12-17 38020 2018-12-17 2018-12-17 წიგნი
        2018-12-17 38021 2018-12-17 2018-12-17 წიგნი